| 000 | 01067cad a22001935a 4500 | ||
|---|---|---|---|
| 001 | L152164 | ||
| 008 | 110204s2011 xxk f 000 0 eng d | ||
| 035 | _a(Sirsi) u152164 | ||
| 041 | 0 | _aeng | |
| 110 | 2 |
_aCommission for Rural Communities _94993 |
|
| 245 | 0 | 0 |
_aState of the countryside update _bmarket towns _h[electronic resource] |
| 260 |
_aCheltenham _bCommission for Rural Communities _c2011 |
||
| 520 | _aHighlights current issues affecting market towns. Covers a range of areas including, population, services, business health and deprivation. Key findings are that in 2009 the population living in small towns was 11.4 million or 22% of the English population and between 2001 and 2009 the population growth in small towns was 4.3% compared to 4.7% for England as a whole. | ||
| 590 | _aKA NTK | ||
| 651 | 4 |
_aEngland _y886- |
|
| 690 | _aENVIRONMENT AND LAND CONSULTANCY-PLANNING AND DEVELOPMENT | ||
| 856 | 4 | 0 |
_uhttps://www.ruralcommunities.gov.uk/files/sotcupdate_market_towns.pdf _zView the item free of charge at www.ruralcommunities.gov.uk |
| 942 | _n0 | ||
| 999 |
_c111904 _d111904 |
||